000
00261nam a2200097Ia 4500
001
1116527
005
20250827004048.0
008
250824s9999 xx 000 0 und d
245
0
_a
KENDİNİ BULMAK G4 10
_c
İHSAN FAZLIOĞLU
260
_b
KETEBE YAYINLARI
999
_c
1116527
_d
1116527